000
00318nam a22001457a 4500
008
210310b ||||| |||| 00| 0 eng d
020
_a
041
_a
eng
080
_a
579
082
_a
579
100
_a
11
101
_a
MIK
245
_a
Atlas of Diagnostic Microbiology
_c
Schneierson, S. S
942
_2
udc
_c
BK
999
_c
56185
_d
56185